01006nam a2200253Ia 4500001001200000003000800012006001900020007001500039008004100054020001500095040002100110035002000131050002300151100001600174245011700190260006900307300001700376533015200393650001400545650002100559655002900580710001700609856012600626ebr10064336CaPaEBRm u cr cn|||||||||030516s2003 enk s 000 0 eng  z1898326770 aCaPaEBRcCaPaEBR a(OCoLC)7074645014aTP807b.B67 2003eb1 aBormans, P.10aCeramics are more than clay aloneh[electronic resource] :braw materials, products, applications /cP. Bormans. aCambridge :bCambridge International Science Publishing,cc2003. axiii, 359 p. aElectronic reproduction.bPalo Alto, Calif. :cebrary,d2009.nAvailable via World Wide Web.nAccess may be limited to ebrary affiliated libraries. 0aCeramics. 0aClay industries. 7aElectronic books.2local2 aebrary, Inc.40uhttp://site.ebrary.com/lib/rucke/Doc?id=10064336zAn electronic book accessible through the World Wide Web; click to view